01407nam a22001457a 4500008004100000020001500041050001500056100002400071245008900095250001200184260003500196300003200231500003300263505096500296150213b xxu||||| |||| 00| 0 eng d a0072873957 aHD62.4.H55 aHill, Charles W. L. aInternational business:bCompeting in the global marketplace. /cCharles W. L. Hill. a5th ed. aNew York:bMcGraw Hill,c2005. axxiv, 720p.:bills.;c28cm. aIncludes index and glossary. aContent: Introduction and overview: Globalization -- Country factors: National differences in political economy -- Differences in culture -- The global trade and investment environment: International trade theory -- The political economy of international trade -- Foreign direct investment -- The political economy of foreign direct investment -- Regional economic integration -- The global monetary system: The foreign exchange market -- The international monetary system -- The global capital market -- The strategy and structure of international business: The strategy of international business -- The organization of international business -- Entry strategy and strategic alliances -- Business operations: Exporting, importing, and countertrade -- Global manufacturing and materials management -- Global marketing and R&D -- Global human resource management -- Accounting in the international business -- Financial management in the international business.